| 000 | 00669nam a2200253Ia 4500 | ||
|---|---|---|---|
| 003 | OSt | ||
| 005 | 20221007111816.0 | ||
| 006 | a|||||r|||| 00| 0 | ||
| 007 | ta | ||
| 008 | 221006b |||||||| |||| 00| 0 eng d | ||
| 020 | _a8189479385 | ||
| 024 | _a24,341 | ||
| 037 | _cTextual | ||
| 040 |
_aLCO _cLCO _beng |
||
| 041 |
_2eng _aeng |
||
| 082 | _aZ2,51263, P7 | ||
| 100 |
_aPattanaik Baghambar _9425466 |
||
| 245 | 0 | _aStruggle for Dignity | |
| 260 |
_aNew _bDelhi Human Rights Library Network India _c2007 |
||
| 300 | _a79 | ||
| 650 |
_aDIGNITY _9708530 |
||
| 942 |
_hZ2,51263, P7 _cTEXL |
||
| 999 |
_c1193904 _d1193904 |
||